000 00554nam a2200181 i 4500
001 34970
003 ES-MaACL
005 20250927103014.0
007 t|
008 030211s1922 fr ||||1| fre d
100 1 _aBojer, Joban.
_929923
245 1 3 _aLe demier viking /
_cJoban Bojer ; roman traduit du noruegien par P.G. La Chesmais.
260 _a[S.l. :
_bs.n.,
_c1922] (
_eLagny :
_fE. Grevin)
300 _a356 p. ;
_c19 cm.
700 1 _aLa Chesnais, Pierre Georget,
_d1865-1948
_970386
852 _aES-MaACL
_jF-2527
999 _c34970
_d34970